|
|
|
|
| LEADER |
00000cam a22000002c 4500 |
| 001 |
1102953369 |
| 003 |
DE-627 |
| 005 |
20260206201318.0 |
| 007 |
tu |
| 008 |
930423s1908 xx ||||| 00| ||ger c |
| 035 |
|
|
|a (DE-627)1102953369
|
| 035 |
|
|
|a (DE-603)181191482
|
| 035 |
|
|
|a (DE-576)032953364
|
| 035 |
|
|
|a (DE-599)BSZ032953364
|
| 035 |
|
|
|a (OCoLC)10693535
|
| 035 |
|
|
|a (OCoLC)266381305
|
| 035 |
|
|
|a (DE-604)802865434x
|
| 040 |
|
|
|a DE-627
|b ger
|c DE-627
|e rakwb
|
| 041 |
|
|
|a ger
|
| 084 |
|
|
|a PH 2450
|2 rvk
|0 (DE-625)rvk/135999:
|
| 084 |
|
|
|a PH 2390
|2 rvk
|0 (DE-625)rvk/135995:
|
| 084 |
|
|
|a PH 6020
|2 rvk
|0 (DE-625)rvk/136211:
|
| 100 |
1 |
|
|8 1\p
|a Lenz, Adolf
|d 1868-1959
|0 (DE-588)11764000X
|0 (DE-627)079061613
|0 (DE-576)291554253
|4 aut
|
| 109 |
|
|
|a Lenz, Adolf 1868-1959
|
| 245 |
1 |
4 |
|a Die anglo-amerikanische Reformbewegung im Strafrecht
|b eine Darstellung ihres Einflusses auf die kontinentale Rechtsentwickelung
|c von Adolf Lenz
|
| 264 |
|
1 |
|a Stuttgart
|b Enke
|c 1908
|
| 300 |
|
|
|a X, 305 S.
|
| 336 |
|
|
|a Text
|b txt
|2 rdacontent
|
| 337 |
|
|
|a ohne Hilfsmittel zu benutzen
|b n
|2 rdamedia
|
| 338 |
|
|
|a Band
|b nc
|2 rdacarrier
|
| 500 |
|
|
|a In Fraktur
|
| 583 |
1 |
|
|a Archivierung/Langzeitarchivierung gewährleistet
|f PEBW
|x XA-DE-BW
|2 pdager
|5 DE-24
|
| 883 |
|
|
|8 1\p
|a cgwrk
|d 20241001
|q DE-101
|u https://d-nb.info/provenance/plan#cgwrk
|
| 935 |
|
|
|h HEB
|i 0501
|
| 935 |
|
|
|h HEB
|i 0503
|
| 936 |
r |
v |
|a PH 2450
|b Einzeldarstellungen
|k Rechtswissenschaft
|k Strafrecht, Strafverfahrensrecht, Kriminologie
|k Allgemeines und Geschichte
|k Geschichte
|k Einzeldarstellungen
|0 (DE-627)1272629996
|0 (DE-625)rvk/135999:
|0 (DE-576)202629996
|
| 936 |
r |
v |
|a PH 2390
|b Entwicklung bis 1933
|k Rechtswissenschaft
|k Strafrecht, Strafverfahrensrecht, Kriminologie
|k Allgemeines und Geschichte
|k Geschichte
|k Entwicklung bis 1933
|0 (DE-627)1272236668
|0 (DE-625)rvk/135995:
|0 (DE-576)202236668
|
| 936 |
r |
v |
|a PH 6020
|b Reformliteratur
|k Rechtswissenschaft
|k Strafrecht, Strafverfahrensrecht, Kriminologie
|k Vergleichendes und ausländisches Straf- und Strafprozessrecht einschliesslich Strafvollzug
|k Rechtsvergleich
|k Reformliteratur
|0 (DE-627)1271793733
|0 (DE-625)rvk/136211:
|0 (DE-576)201793733
|
| 936 |
s |
n |
|a p100
|2 mzub
|
| 951 |
|
|
|a BO
|
| ELC |
|
|
|b 1
|
| LOK |
|
|
|0 000 xxxxxcx a22 zn 4500
|
| LOK |
|
|
|0 001 220552139X
|
| LOK |
|
|
|0 003 DE-627
|
| LOK |
|
|
|0 004 1102953369
|
| LOK |
|
|
|0 005 20020607000000
|
| LOK |
|
|
|0 008 930719||||||||||||||||ger|||||||
|
| LOK |
|
|
|0 040
|a DE-21-110
|c DE-627
|d DE-21-110
|
| LOK |
|
|
|0 852
|a DE-21-110
|
| LOK |
|
|
|0 852 1
|c F VI 83
|m p
|9 00
|
| LOK |
|
|
|0 935
|a k110
|
| LOK |
|
|
|0 936ln
|a 5.7
|
| LOK |
|
|
|0 938
|k p
|
| LOK |
|
|
|0 939
|a 19-07-93
|b l01
|
| ORI |
|
|
|a SA-MARC-krimdoka001.raw
|
| SIG |
|
|
|a IFK: F VI 83
|